| 000 | 08126namaa22004451i 4500 | ||
|---|---|---|---|
| 003 | EG-GICUC | ||
| 005 | 20260310113446.0 | ||
| 008 | 260228s2025 ua a|||frm||| 000 0 eng d | ||
| 040 |
_aEG-GICUC _beng _cEG-GICUC _dEG-GICUC _erda |
||
| 041 | 0 |
_aeng _beng _bara |
|
| 049 | _aDeposit | ||
| 082 | 0 | 4 | _a615.82 |
| 092 |
_a615.82 _221 |
||
| 097 | _aPh.D | ||
| 099 | _aCai01.24.03.Ph.D.2025.Ah.C | ||
| 100 | 0 |
_aAhmed Mahmoud Mohamed, _epreparation. |
|
| 245 | 1 | 0 |
_aCombined effect of low level laser and phonophoresis on classical acupoints versus myofacial trigger points in neck pain patients / _cby Ahmed Mahmoud Mohamed ; Supervision Dr. Mona Ebrahim Morsy, Dr. Ashraf Hassan Mohamed Sliman, Dr. Noha Gohdan Hussein Abdallah. |
| 246 | 1 | 5 | _aالتأثير الثنائي لكل من الليزر منخفض الشدة والموجات الفوق صوتية على نقاط الضغط التقليدية مقابل نقاط الوخز في مرضى الام الرقبة |
| 264 | 0 | _c2025. | |
| 300 |
_a151 pages : _billustrations ; _c25 cm. + _eCD. |
||
| 336 |
_atext _2rda content |
||
| 337 |
_aUnmediated _2rdamedia |
||
| 338 |
_avolume _2rdacarrier |
||
| 502 | _a Thesis (Ph.D)-Cairo University, 2025. | ||
| 504 | _aBibliography: pages 137-149. | ||
| 520 | 3 | _aBackground: Neck pain is a well-known painful musculoskeletal disorder characterised by localised neck pain and radiating pain in some cases. Purpose of the study : This study was conducted to compare the effectiveness of phonphoresis and low level laser therapy(LLLT) on classical acupoints and myofacial trigger points of upper trapezius muscle. Materials and Methods: Study design: 120 participants from both genders who had neck pain. They varied in age from 20 to 40 years old. They were divided into eight equal groups at random: Four groups received treatment on classical acupoints while the other four groups received therapy on myofacial trigger points of upper trapezius muscle.They took about 12 sessions day after day for one month. Cervical range of motion measured by CROM device and pain intensity measured by pressure algometer at the end of the last session. Results: (3×2 Mixed design MANOVA) revealed that there was significantly increase in cervical range of motion and in pain intensity (P=0.0001; P<0.05) post treatment compared to pre-treatment within groups. This significant increase in cervical range of motion post- treatment was in favor of combined phonophoresis and laser group than phonophoresis alone and laser alone and for pain intensity in both classical acupoints groups and myofascial trigger points groups. Conclusion: This study concluded that there were an increase in cervical range of motion and decrease in pain intensity in all groups but the improvements were more with the combination of phonophoresis and LLLT group rather than the other groups. Combination of LLLT and phonophoresis are more effective than LLLT alone or phonophoresis alone in reducing pain and increasing CROM classical acupoints and myofascial trigger points. | |
| 520 | 3 | _aالهدف من الدراسة، دراسة التأثير الثنائي لكل من الليزر منخفض الشدة والرحلان الصوتي على نقاط الضغط التقليدية مقابل نقاط الوخز في مرضى الام الرقبة. وأجريت الدراسة على 120 متطوعا من الرجال والنساء، الذين وصفوا بأنهم يعانون من آلام في الرقبة. وكانت أعمارهم من 20 إلى 40 سنة. وتم تقسيمهم عشوائياً إلى ثماني مجموعات متساوية العدد. المجموعة الأولى، تألفت من 15 متطوعًا من كلا الجنسين الذين يعانون من آلام في الرقبة تلقوا ليزر منخفض الشدة على نقاط الضغط التقليدية لمدة أربع أسابيع، بواقع ثلاث جلسات كل أسبوع. المجموعة الثانية تكونت من 15 متطوعاً من كلا الجنسين الذين يعانون من آلام الرقبة وتم علاجهم ببالانتقال الصوتي للهيدروكورتيزون 1% بالتزامن مع ديكلوفيناك 1% على نقاط الضغط التقليدية. كانوا يشاركون في ثلاث جلسات في الأسبوع لمدة أربع أسابيع. المجموعة الثالثة تكونت من 15 متطوعاً من الجنسين رجالاً ونساءً، الذين يعانون من آلام الرقبة وتم علاجهم بالرحلان الصوتي للهيدروكورتيزون 1% بالإضافة إلى الديكلوفيناك 5% على نقاط الضغط التقليدية لمدة أربع أسابيع بواقع 3 جلسات كل أسبوع. المجموعة الرابعة، تكونت من 15 متطوعًا من كلا الجنسين، رجال ونساء، الذين يعانون من آلام الرقبة وتم علاجهم بكل من الليزر منخفض الشدة والانتقال الصوتي على نقاط الضغط التقليدية و حضروا ثلاث جلسات كل أسبوع لمدة 4 أسابيع المجموعة الخامسة تكونت من 15 متطوعاً من كلا الجنسين، رجال ونساء، الذين يعانون من آلام الرقبة وتم علاجهم بـ الليزر منخفض الشدة على نقاط الوخزفي العضلة شبه المنحرفة العلوية. حضروا ثلاث جلسات كل أسبوع لمدة 4 أسابيع. المجموعة السادسة تكونت من 15 متطوعاً من الجنسين رجالاً ونساءً، الذين يعانون من آلام الرقبة وتم علاجهم بالانتقال الصوتي للهيدروكورتيزون 1% بالتزامن مع ديكلوفيناك 1% على نقاط الوخز في العضلة شبه المنحرفة العلوية. حضروا ثلاث جلسات كل أسبوع لمدة4 أسابيع. المجموعة السابعة تكونت من 15 متطوعاً من الجنسين رجالاً ونساءً، الذين يعانون من آلام الرقبة وتم علاجهم بالانتقال الصوتي للهيدروكورتيزون 1% بالتزامن مع ديكلوفيناك 5% على نقاط الوخز في العضلة شبه المنحرفة العلوية. حضروا ثلاث جلسات كل أسبوع لمدة 4 اسابيع. المجموعة الثامنة المكونة من 15 متطوعًا من كلا الجنسين، رجال ونساء، الذين يعانون من آلام الرقبة وقد تم علاجهم بالانتقال الصوتي والليزر منخفض الشدة على نقاط الوخز في العضلة شبه المنحرفة العلوية. تم قياس نطاق حركة الرقبة باستخدام جهاز CROM. وتم قياس شدة وكثافة الألم بواسطة جهاز ألجوميتر. تم أخذ القياس قبل وبعد العلاج. | |
| 530 | _aIssues also as CD. | ||
| 546 | _aText in English and abstract in Arabic & English. | ||
| 650 | 0 | _aLaser Application In Physical Therapy | |
| 650 | 0 | _aتطبيقات الليزر في العلاج الطبيعي | |
| 653 | 1 |
_aLow level laser therapy _aphonophoresis _aclassical acupoints _amyofacial trigger points _apressure algometer and inclinometer _aالليزر منخفض المستوى _aالانتقال الصوتي |
|
| 700 | 0 |
_aMona Ebrahim Morsy _ethesis advisor. |
|
| 700 | 0 |
_aAshraf Hassan Mohamed Sliman _ethesis advisor. |
|
| 700 | 0 |
_aNoha Gohdan Hussein Abdallah _ethesis advisor. |
|
| 900 |
_b01-01-2025 _cMona Ebrahim Morsy _cAshraf Hassan Mohamed Sliman _cNoha Gohdan Hussein Abdallah _UCairo University _FNational institute of Laser Enhanced sciences (NILES) _DDepartment of Laser Application In Physical Therapy |
||
| 905 |
_aShimaa _eEman Ghareb |
||
| 942 |
_2ddc _cTH _e21 _n0 |
||
| 999 | _c178769 | ||